1676 1694 1619 1662 1264 1012 1847 1111 1779 1522 1955 1776 1693 1067 1137 1960 1123 1069 1811 1667 1791 1979 1054 1543 1586 1290 1295 1023 1860 1699 1324 1810 1311 1190 1611 1196 1536 1039 1264 1423 1648 1390 1779 1932 1504 1635 1289 1276 1324 1723 1324 1337 1094 1450 1961 1208 1586 1552 1011 1003 1113 1344 1083 1002 1087 1343 1645 1271 1058 1097 1595 1627 1904 1546 1662 1432 1187 1177 1396 1679 1906 1894 1704 1290 1887 1780 1693 1663 1585 1513 1758 1022 1721 1216 1380 1599 1919 1837 1659 BCNSPRNW ULIB Ver.6.0+V

เปลี่ยนเป็นภาษาไทย

Change to English
 แสดงรายละเอียดบรรณานุกรม
  กลับหน้าหลัก

Brief Record : Get Marc (ISO 2709) : E-mail record : QR code < ปิดหน้าต่าง
LEADER : 00000nam 2200000uu 4500
001    13399113559
003     ULIB
008    111128s2552||||th 000 0 tha d
020    ^a9786160600335
090    ^aนว.^bจ757I 2552
100 0  ^aเจ้าปลาน้อย
245 00 ^aสะกดรักผูกหัวใจยัยตัวดี/^cI Love You, Jinny
250    ^aพิมพ์ครั้งที่ 1
260    ^aกรุงเทพฯ :^bแจ่มใส,^c2552
300    ^a210 หน้า
710 1  ^aแจ่มใส
945    ^p159^l0^i16304
995    ^aกัณชพร
999    ^aใช้งานได้ทุกระบบ
รายการนี้ยังไม่มีแท็ก
คุณยังไม่ได้ล็อกอิน คุณสามารถมีกิจกรรมร่วมกับเว็บไซต์ได้ แต่ต้องล็อกอินก่อน ::
  ล็อกอิน

รายการสื่อสารสนเทศ

ลำดับที่ ประเภท เลขเรียก/บาร์โค้ด สถานที่ สถานะ
1. นวนิยาย
นวนิยาย
นว. จ757I 2552  
  Barcode: 16304
ห้องสมุดวิทยาเขตสวรรค์ประชารักษ์
►นวนิยาย
บนชั้น
  ขอยืม

รายการใกล้เคียง
    ผู้แต่ง [เจ้าปลาน้อย]

BibComment


ยังไม่เคยถูกคอมเมนท์

คอมเมนท์ทรัพยากรรายการนี้
  คอมเมนท์: สะกดรักผูกหัวใจย..


 Copyright 2026. Bcnsprnw @Library